Африканские традиционные религии. Религии Африки в освещении западных и африканских ученых

Detalles Bibliográficos
Autor principal: п`Битек О. Окот
Lenguaje:ruso
Publicado: Москва, Наука, 1979
Colección:Библиотека зарубежной африканистики
Materias:
Formato: Libro
KOHA link:https://koha.lib.tpu.ru/cgi-bin/koha/opac-detail.pl?biblionumber=377623

MARC

LEADER 00000nam0a2200000 4500
001 377623
005 20231102012931.0
035 |a (RuTPU)RU\TPU\retro\35074 
090 |a 377623 
100 |a 20230321d1979 k y0rusy50 ca 
101 0 |a rus 
102 |a RU 
105 |a y z 001zy 
200 1 |a Африканские традиционные религии. Религии Африки в освещении западных и африканских ученых  |f О. п`Битек 
210 |a Москва  |c Наука  |d 1979 
215 |a 221 с. 
225 1 |a Библиотека зарубежной африканистики 
320 |a Библиогр. в конце кн. 
606 1 |a Религия  |x В зарубежных странах  |2 stltpush  |3 (RuTPU)RU\TPU\subj\24956  |9 49220 
610 1 |a язычество 
610 1 |a христианство 
610 1 |a культ предков 
610 1 |a анимизм 
610 1 |a духи 
610 1 |a колдовство 
686 |a Э29(4/8)  |v LBC/SL-A  |2 rubbk 
700 1 |a п`Битек  |b О.  |g Окот 
801 1 |a RU  |b 63413507  |c 20230321 
942 |c BK